|
|
|
|
| LEADER |
00000caa a2200000 c 4500 |
| 001 |
098407015 |
| 003 |
DE-627 |
| 005 |
20250823171956.0 |
| 007 |
tu |
| 008 |
160405s1995 xx ||||| 00| ||ger c |
| 035 |
|
|
|a (DE-627)098407015
|
| 035 |
|
|
|a (DE-576)464902436
|
| 035 |
|
|
|a (DE-599)GBV098407015
|
| 035 |
|
|
|a (OCoLC)1340136073
|
| 040 |
|
|
|a DE-627
|b ger
|c DE-627
|e rakwb
|
| 041 |
|
|
|a ger
|
| 084 |
|
|
|a 1
|2 ssgn
|
| 100 |
1 |
|
|0 (DE-588)120628244
|0 (DE-627)080792316
|0 (DE-576)166436534
|4 aut
|a Nünning, Vera
|d 1961-
|
| 109 |
|
|
|a Nünning, Vera 1961-
|a Nünning, V. 1961-
|a Nünningová, Vera 1961-
|
| 245 |
1 |
0 |
|a Wiedervereinigung in historischer Perspektive
|b die "Reconstruction" als Paradigma für Grundprobleme der amerikanischen Geschichte
|c von Vera Nünning
|
| 264 |
|
1 |
|c 1995
|
| 300 |
|
|
|a 26
|
| 336 |
|
|
|a Text
|b txt
|2 rdacontent
|
| 337 |
|
|
|a ohne Hilfsmittel zu benutzen
|b n
|2 rdamedia
|
| 338 |
|
|
|a Band
|b nc
|2 rdacarrier
|
| 500 |
|
|
|a Band 115, S. 362-387
|
| 601 |
|
|
|a Wiedervereinigung
|
| 601 |
|
|
|a Perspektive
|
| 601 |
|
|
|a Paradigma
|
| 601 |
|
|
|a Amerikaner
|
| 601 |
|
|
|a Geschichte
|
| 652 |
|
|
|a TJ
|
| 773 |
0 |
8 |
|i In
|t Historisches Jahrbuch
|d Freiburg im Breisgau : Verlag Herder, 1880
|g 115(1995), 2, Seite 362-387
|w (DE-627)129074896
|w (DE-600)2562-8
|w (DE-576)014407264
|x 0018-2621
|7 nnas
|
| 773 |
1 |
8 |
|g volume:115
|g year:1995
|g number:2
|g pages:362-387
|g extent:26
|
| 889 |
|
|
|w (DE-627)1861887434
|
| 935 |
|
|
|a mteo
|
| 935 |
|
|
|i mdedup
|
| 951 |
|
|
|a AR
|
| ELC |
|
|
|b 1
|
| ITA |
|
|
|a 1
|t 1
|
| LOK |
|
|
|0 000 xxxxxcx a22 zn 4500
|
| LOK |
|
|
|0 001 3300972345
|
| LOK |
|
|
|0 003 DE-627
|
| LOK |
|
|
|0 004 098407015
|
| LOK |
|
|
|0 005 20171109080833
|
| LOK |
|
|
|0 008 160404||||||||||||||||ger|||||||
|
| LOK |
|
|
|0 040
|a DE-Tue135
|c DE-627
|d DE-Tue135
|
| LOK |
|
|
|0 092
|o n
|
| LOK |
|
|
|0 852
|a DE-Tue135
|
| LOK |
|
|
|0 852 1
|9 00
|
| LOK |
|
|
|0 935
|a ixzs
|a ixmi
|
| LOK |
|
|
|0 936ln
|0 1442053909
|a TJ
|
| LOK |
|
|
|0 939
|a 04-04-16
|b l01
|
| ORI |
|
|
|a SA-MARC-ixtheoa001.raw
|
| REL |
|
|
|a 1
|
| SUB |
|
|
|a REL
|